000 00379nam a2200121Ia 4500
008 170224s9999 xx 000 0 und d
245 _aExamining the relations among pain tolerance, psychopathic traits, and violent and nonviolent antisocial behavior.
260 _bJournal of Abnormal Psychology
260 _c2014
300 _a123:2
500 _aMay
650 _xPsychology.
999 _c316482
_d316482